[Event "34. Abierto Ciudad de Sevilla"]
[Site "Sevilla ESP"]
[Date "2009.01.29"]
[Round "7.7"]
[White "Salgado Lopez, Ivan"]
[Black "Berbatov, Kiprian"]
[Result "1-0"]
[WhiteElo "2554"]
[BlackElo "2392"]
[PlyCount "99"]
[EventDate "2009.01.23"]
[EventType "swiss"]
[EventRounds "9"]
[EventCountry "ESP"]
[Source "lmi"]
[SourceDate "2009.01.23"]

1. e4 c5 2. Nf3 d6 3. d4 cxd4 4. Nxd4 Nf6 5. Nc3 a6 6. Be3 e6 7. Qd2 b5 8. f3
Nbd7 9. O-O-O Bb7 10. Kb1 Rc8 11. g4 Nb6 12. Bd3 Nfd7 13. f4 Nc4 14. Bxc4 Rxc4
15. Rhe1 b4 16. Nd5 exd5 17. exd5 Be7 18. Qe2 Rc7 19. Nf5 O-O 20. g5 g6 21.
Nh6+ Kg7 22. Bd4+ Bf6 23. Nf5+ gxf5 24. gxf6+ Kh8 25. Rg1 Bxd5 26. Qh5 Rg8 27.
Rxg8+ Qxg8 28. Rg1 Bg2 29. Qe2 Rc8 30. Rxg2 Qe8 31. b3 Qe4 32. Qxe4 fxe4 33.
Rg7 Rf8 34. a3 bxa3 35. Ka2 Nb8 36. Kxa3 Nc6 37. Be3 Nd8 38. c4 Ne6 39. Rg4 Rg8
40. Rxg8+ Kxg8 41. f5 Nd8 42. Bh6 Nc6 43. b4 Ne5 44. Kb3 Ng4 45. b5 axb5 46.
cxb5 Nxf6 47. Kc4 Nd7 48. Kd5 Nb6+ 49. Kxd6 e3 50. Bxe3 1-0

[Event "34. Abierto Ciudad de Sevilla"]
[Site "Sevilla ESP"]
[Date "2009.01.29"]
[Round "7.8"]
[White "Kurajica, Bojan"]
[Black "Guerra, Tulcan Lenin"]
[Result "1-0"]
[WhiteElo "2552"]
[BlackElo "2310"]
[PlyCount "69"]
[EventDate "2009.01.23"]
[EventType "swiss"]
[EventRounds "9"]
[EventCountry "ESP"]
[Source "lmi"]
[SourceDate "2009.01.23"]

1. d4 d5 2. c4 e6 3. Nf3 Nf6 4. Qc2 a6 5. Bf4 Nc6 6. a3 Bd6 7. Bg3 Bxg3 8. hxg3
dxc4 9. Qxc4 Qd5 10. Qd3 Qa5+ 11. Nc3 Nb4 12. Qd2 Nbd5 13. e3 Nxc3 14. Bd3 c5
15. bxc3 c4 16. Bc2 Nd5 17. Ne5 Qxc3 18. Qxc3 Nxc3 19. Nxc4 b5 20. Kd2 Nd5 21.
Ne5 Nf6 22. g4 Bb7 23. g5 Ne4+ 24. Bxe4 Bxe4 25. f3 Bb7 26. g6 fxg6 27. Nxg6
Rg8 28. Rxh7 Kf7 29. Ne5+ Kf6 30. Rh4 Bd5 31. Rf4+ Ke7 32. Rf7+ Ke8 33. Rc1 Bc4
34. Rb7 Rc8 35. a4 1-0

[Event "34. Abierto Ciudad de Sevilla"]
[Site "Sevilla ESP"]
[Date "2009.01.29"]
[Round "7.9"]
[White "Razmyslov, Alexander"]
[Black "Paunovic, Dragan"]
[Result "1/2-1/2"]
[WhiteElo "2404"]
[BlackElo "2526"]
[PlyCount "107"]
[EventDate "2009.01.23"]
[EventType "swiss"]
[EventRounds "9"]
[EventCountry "ESP"]
[Source "lmi"]
[SourceDate "2009.01.23"]

1. d4 Nf6 2. c4 g6 3. Nc3 Bg7 4. e4 d6 5. f3 O-O 6. Be3 c5 7. d5 e6 8. Qd2 exd5
9. cxd5 Re8 10. Bd3 a6 11. a4 Nbd7 12. Nh3 Ne5 13. Be2 Bxh3 14. gxh3 Rc8 15.
O-O c4 16. a5 Nfd7 17. Na4 Qe7 18. Ra3 Rf8 19. Rf2 Kh8 20. Qb4 Nc5 21. Nxc5
dxc5 22. Qd2 Rcd8 23. f4 Nc6 24. e5 g5 25. d6 Qe8 26. Bxc5 gxf4 27. Qxf4 Qxe5
28. Qxe5 Bxe5 29. Ra4 Bxd6 30. Rxc4 Bxc5 31. Rxc5 Rd6 32. Bf3 f6 33. Bxc6 bxc6
34. Rfc2 Rc8 35. h4 Kg7 36. Kf1 Kf7 37. h5 Rc7 38. b4 Ke8 39. b5 axb5 40. Rxb5
Kd7 41. Rf5 Rb7 42. Ra2 Kc7 43. Raf2 Rb5 44. Rxf6 Rxf6 45. Rxf6 Rxh5 46. Rf7+
Kd6 47. a6 Rxh2 48. a7 Ra2 49. Rxh7 Kc5 50. Ke1 Kb6 51. Kd1 Rxa7 52. Rxa7 Kxa7
53. Kc2 Kb6 54. Kb2 1/2-1/2

[Event "34. Abierto Ciudad de Sevilla"]
[Site "Sevilla ESP"]
[Date "2009.01.29"]
[Round "7.10"]
[White "Pogorelov, Ruslan"]
[Black "Van Hoolandt, Patrick"]
[Result "1/2-1/2"]
[WhiteElo "2451"]
[BlackElo "2235"]
[PlyCount "90"]
[EventDate "2009.01.23"]
[EventType "swiss"]
[EventRounds "9"]
[EventCountry "ESP"]
[Source "lmi"]
[SourceDate "2009.01.23"]

1. Nf3 Nf6 2. c4 e6 3. Nc3 Bb4 4. Qc2 O-O 5. a3 Bxc3 6. Qxc3 b6 7. b4 a5 8. Bb2
axb4 9. axb4 Rxa1+ 10. Bxa1 c5 11. b5 d6 12. e3 e5 13. Be2 Bb7 14. d3 Nbd7 15.
O-O Re8 16. Bb2 Qc7 17. Nd2 Nf8 18. Ra1 Ne6 19. Bf3 Bxf3 20. Nxf3 Qb7 21. Qa3
Rb8 22. Qa7 Ne8 23. Qxb7 Rxb7 24. Nd2 Kf8 25. g3 Ke7 26. f4 f6 27. Kf2 N8c7 28.
Kf3 g6 29. g4 g5 30. fxe5 fxe5 31. Ne4 h6 32. Ng3 Ng7 33. d4 cxd4 34. exd4 exd4
35. Bxd4 Nce6 36. Be3 Rc7 37. Bxb6 Rxc4 38. Rb1 Rf4+ 39. Ke2 Rxg4 40. Be3 Nd8
41. b6 Nb7 42. Rc1 Ne6 43. Nf5+ Kd7 44. Ng7 Nec5 45. Rh1 Rg2+ 1/2-1/2

[Event "34. Abierto Ciudad de Sevilla"]
[Site "Sevilla ESP"]
[Date "2009.01.29"]
[Round "7.11"]
[White "Fernandez Romero, Ernesto"]
[Black "Madeira, Wagner Martins"]
[Result "1-0"]
[WhiteElo "2446"]
[BlackElo "2212"]
[PlyCount "99"]
[EventDate "2009.01.23"]
[EventType "swiss"]
[EventRounds "9"]
[EventCountry "ESP"]
[Source "lmi"]
[SourceDate "2009.01.23"]

1. e4 d6 2. d4 Nf6 3. Nc3 g6 4. f4 Bg7 5. Nf3 O-O 6. Bd3 Na6 7. O-O c5 8. d5
Bg4 9. a3 Nc7 10. h3 Bxf3 11. Qxf3 Rb8 12. a4 e6 13. Be3 Nd7 14. dxe6 fxe6 15.
Rad1 Kh8 16. Bb5 Bxc3 17. bxc3 Nxb5 18. axb5 Qb6 19. c4 a6 20. bxa6 Qxa6 21.
Qe2 e5 22. f5 gxf5 23. exf5 Nf6 24. g4 Rg8 25. Kh2 Rbf8 26. Bh6 Rf7 27. g5 Ne8
28. Qe4 Qc6 29. Qxc6 bxc6 30. h4 Rd7 31. f6 Rf7 32. h5 e4 33. Kh3 e3 34. Rde1
d5 35. Rxe3 Nd6 36. Bg7+ Rgxg7 37. fxg7+ Kxg7 38. Rxf7+ Kxf7 39. cxd5 cxd5 40.
Re5 Ne4 41. Kg4 Nc3 42. Kf5 c4 43. Re6 Nb5 44. g6+ hxg6+ 45. hxg6+ Kg7 46. Re7+
Kf8 47. Kf6 Nd6 48. g7+ Kg8 49. Rd7 Ne8+ 50. Kg6 1-0

[Event "34. Abierto Ciudad de Sevilla"]
[Site "Sevilla ESP"]
[Date "2009.01.29"]
[Round "7.12"]
[White "Recuero Guerra, David"]
[Black "Perez Garcia, Roberto"]
[Result "1-0"]
[WhiteElo "2435"]
[BlackElo "2191"]
[PlyCount "57"]
[EventDate "2009.01.23"]
[EventType "swiss"]
[EventRounds "9"]
[EventCountry "ESP"]
[Source "lmi"]
[SourceDate "2009.01.23"]

1. e4 c5 2. Nf3 d6 3. d4 cxd4 4. Nxd4 Nf6 5. Nc3 a6 6. Be3 e5 7. Nb3 Be6 8. f4
exf4 9. Bxf4 Nc6 10. Qd2 d5 11. O-O-O Nxe4 12. Nxe4 dxe4 13. Qe3 Qf6 14. Qxe4
Be7 15. Bd3 Nb4 16. Be5 Qg5+ 17. Kb1 Rd8 18. h4 Qg4 19. Qxb7 Bd5 20. Qa7 Rd7
21. Qe3 O-O 22. Be2 Qe6 23. Qg3 f6 24. Bg4 Qc6 25. Bc3 Rdd8 26. Qe1 Qa4 27.
Qxe7 Qxa2+ 28. Kc1 Rfe8 29. Qxb4 1-0

[Event "34. Abierto Ciudad de Sevilla"]
[Site "Sevilla ESP"]
[Date "2009.01.29"]
[Round "7.15"]
[White "Martin Vazquez, Jose Miguel"]
[Black "Barria, Daniel"]
[Result "0-1"]
[WhiteElo "2098"]
[BlackElo "2419"]
[PlyCount "60"]
[EventDate "2009.01.23"]
[EventType "swiss"]
[EventRounds "9"]
[EventCountry "ESP"]
[Source "lmi"]
[SourceDate "2009.01.23"]

1. Nf3 Nf6 2. c4 e6 3. d4 d5 4. Nc3 dxc4 5. e3 a6 6. Bxc4 b5 7. Be2 Bb7 8. O-O
Nbd7 9. b3 c5 10. Bb2 Rc8 11. a4 b4 12. Nb1 Be7 13. Nbd2 O-O 14. Rc1 Rc7 15.
dxc5 Nxc5 16. Rc4 Bd5 17. Rxb4 Nd3 18. Bxd3 Bxb4 19. Bxa6 Rd7 20. Qc1 Bxd2 21.
Nxd2 Bxg2 22. Kxg2 Qa8+ 23. f3 Qxa6 24. Nc4 Rfd8 25. e4 Ne8 26. Kh1 f6 27. Rg1
e5 28. Ba3 Rd3 29. Qh6 Rxb3 30. Be7 Rd1 0-1

[Event "34. Abierto Ciudad de Sevilla"]
[Site "Sevilla ESP"]
[Date "2009.01.29"]
[Round "7.16"]
[White "Garcia Luque, Agustin"]
[Black "Anaya Lopez, Victor Jose"]
[Result "1/2-1/2"]
[WhiteElo "2390"]
[BlackElo "2087"]
[PlyCount "96"]
[EventDate "2009.01.23"]
[EventType "swiss"]
[EventRounds "9"]
[EventCountry "ESP"]
[Source "lmi"]
[SourceDate "2009.01.23"]

1. e4 c5 2. Nf3 Nc6 3. Bb5 e6 4. Bxc6 bxc6 5. O-O Qc7 6. Re1 Ne7 7. c3 Ng6 8.
d4 cxd4 9. cxd4 Be7 10. Nc3 O-O 11. Be3 Rb8 12. Re2 f5 13. e5 Bb7 14. Rc2 c5
15. Na4 Be4 16. Rcc1 Bxf3 17. Qxf3 f4 18. Bd2 Qd8 19. Nxc5 Rxb2 20. Bc3 Rb8 21.
Qe4 Bxc5 22. dxc5 Qc7 23. Rab1 Ne7 24. Rxb8 Rxb8 25. Qxf4 Qxc5 26. Qd2 Qd5 27.
Qxd5 Nxd5 28. Bd4 Rb4 29. Bxa7 Ra4 30. Rc8+ Kf7 31. Bc5 Rxa2 32. Rf8+ Kg6 33.
g3 Rc2 34. Bd6 Rb2 35. h3 h5 36. Kf1 Rb1+ 37. Kg2 Rb2 38. Rd8 Rb7 39. h4 Kf7
40. f3 Kg6 41. Kh3 Rb3 42. Rf8 Ne3 43. Rf4 Nd5 44. Rf8 Ne3 45. Bc5 Nf5 46. Kg2
Rb2+ 47. Bf2 Ne3+ 48. Kg1 Rb1+ 1/2-1/2

[Event "34. Abierto Ciudad de Sevilla"]
[Site "Sevilla ESP"]
[Date "2009.01.29"]
[Round "7.17"]
[White "Santos Izquierdo, Francisco Javier"]
[Black "Gomez Cerezo, Diego Jesus"]
[Result "1/2-1/2"]
[WhiteElo "2280"]
[BlackElo "2056"]
[PlyCount "117"]
[EventDate "2009.01.23"]
[EventType "swiss"]
[EventRounds "9"]
[EventCountry "ESP"]
[Source "lmi"]
[SourceDate "2009.01.23"]

1. e4 c6 2. d3 d5 3. Nd2 dxe4 4. dxe4 Nf6 5. Bc4 e5 6. Ngf3 Bc5 7. O-O Qe7 8.
c3 O-O 9. Qc2 Bg4 10. b4 Bb6 11. Be2 Bc7 12. Nc4 a5 13. bxa5 Nbd7 14. Rb1 Nc5
15. Ba3 Rfb8 16. Bb4 Nfd7 17. Rfd1 Qf6 18. Re1 Qf4 19. Nfd2 Ne6 20. Bd6 Bxd6
21. Nxd6 Ndc5 22. N2c4 Ng5 23. Qc1 Qxc1 24. Rbxc1 Be6 25. f3 f6 26. Red1 Rd8
27. Kf2 Nf7 28. Nxf7 Kxf7 29. Rxd8 Rxd8 30. Ke3 Ke7 31. a6 Nxa6 32. Nb6 Nc5 33.
Rc2 Nd7 34. Nc4 Ra8 35. Rd2 b5 36. Nd6 Rxa2 37. Nf5+ Kd8 38. Nxg7 Bf7 39. Rxa2
Bxa2 40. g3 Ke7 41. Nf5+ Ke6 42. f4 Nc5 43. Bg4 Kf7 44. Nh4 Bb1 45. Bf5 h6 46.
Nf3 Na4 47. fxe5 Nxc3 48. Kd4 Na4 49. exf6 Kxf6 50. g4 c5+ 51. Ke3 Ke7 52. Nd2
Ba2 53. e5 b4 54. Be4 c4 55. Bd5 Nb6 56. Bg8 Kf8 57. Be6 Ke7 58. Bg8 Kf8 59.
Be6 1/2-1/2

[Event "34. Abierto Ciudad de Sevilla"]
[Site "Sevilla ESP"]
[Date "2009.01.29"]
[Round "7.18"]
[White "Robles Garcia, Claudia"]
[Black "Neubauer, Kai"]
[Result "1-0"]
[WhiteElo "2258"]
[BlackElo "2027"]
[PlyCount "51"]
[EventDate "2009.01.23"]
[EventType "swiss"]
[EventRounds "9"]
[EventCountry "ESP"]
[Source "lmi"]
[SourceDate "2009.01.23"]

1. e4 c5 2. Nf3 d6 3. d4 cxd4 4. Nxd4 Nf6 5. Nc3 e5 6. Bb5+ Bd7 7. Bxd7+ Qxd7
8. Nb3 h6 9. Be3 Be7 10. f3 Qc6 11. Qd3 Na6 12. Na5 Qc7 13. Qb5+ Nd7 14. O-O-O
Nac5 15. Nd5 Qc8 16. Bxc5 dxc5 17. Qxb7 Qxb7 18. Nxb7 Rc8 19. c4 Bg5+ 20. Kc2
Rc6 21. Rd3 O-O 22. Ne7+ Bxe7 23. Rxd7 Re8 24. Rhd1 g6 25. Nd6 a6 26. Nxe8 1-0

[Event "34. Abierto Ciudad de Sevilla"]
[Site "Sevilla ESP"]
[Date "2009.01.29"]
[Round "7.20"]
[White "Barrantes Muñoz, Hugo Pedro"]
[Black "Ortega Valle, Jose Ramon"]
[Result "0-1"]
[WhiteElo "2217"]
[BlackElo "2004"]
[PlyCount "68"]
[EventDate "2009.01.23"]
[EventType "swiss"]
[EventRounds "9"]
[EventCountry "ESP"]
[Source "lmi"]
[SourceDate "2009.01.23"]

1. d4 c5 2. d5 g6 3. Nc3 d6 4. e4 Bg7 5. h3 Nf6 6. Nf3 O-O 7. Be2 b5 8. e5 dxe5
9. Bxb5 e4 10. Ne5 Bb7 11. Bc4 Qd6 12. Bf4 Nh5 13. Nb5 Qb6 14. Bh2 a6 15. Nc3
Qxb2 16. Nxe4 Qd4 17. Qxd4 cxd4 18. Rb1 Ra7 19. Nc5 Ba8 20. Nxf7 Nd7 21. Nxd7
Rxd7 22. d6 e6 23. Ng5 Bd5 24. Nxe6 Bxc4 25. Nxf8 Kxf8 26. Rb4 Bb5 27. g4 d3
28. Rxb5 axb5 29. gxh5 Bc3+ 30. Kd1 Ra7 31. cxd3 Rxa2 32. Bf4 b4 33. Rg1 b3 34.
Rg5 Ra1+ 0-1

[Event "34. Abierto Ciudad de Sevilla"]
[Site "Sevilla ESP"]
[Date "2009.01.30"]
[Round "8.1"]
[White "Spraggett, Kevin"]
[Black "Huerga Leache, Mikel"]
[Result "1/2-1/2"]
[WhiteElo "2586"]
[BlackElo "2418"]
[PlyCount "103"]
[EventDate "2009.01.23"]
[EventType "swiss"]
[EventRounds "9"]
[EventCountry "ESP"]
[Source "lmi"]
[SourceDate "2009.01.23"]

1. c4 Nf6 2. Nc3 e5 3. Nf3 Nc6 4. g3 Nd4 5. Bg2 Nxf3+ 6. Bxf3 Bb4 7. d3 O-O 8.
Qb3 Bc5 9. O-O Re8 10. Bg2 c6 11. a3 Bf8 12. Be3 d6 13. Rac1 Qe7 14. Qc2 Be6
15. b4 Qd7 16. Bg5 Nh5 17. Rfd1 Bh3 18. Bf3 Bg4 19. Bh1 f5 20. Bd2 a6 21. a4
Kh8 22. Re1 f4 23. e3 fxg3 24. hxg3 Bh3 25. Qd1 Bg4 26. Bf3 Nf6 27. Ne4 Qf5 28.
Bxg4 Nxg4 29. f3 Nf6 30. Kg2 d5 31. cxd5 cxd5 32. Nxf6 Qxf6 33. Rh1 Qf5 34. Qb3
e4 35. Rcf1 exd3 36. g4 Qg6 37. Qxd5 Rac8 38. Rf2 b6 39. e4 Red8 40. Qb3 Rc2
41. Rc1 Rxc1 42. Bxc1 Qc6 43. Bg5 Rd7 44. b5 axb5 45. axb5 Qc5 46. Qe6 Ra7 47.
Qe8 Kg8 48. Bf4 Re7 49. Qc6 Rf7 50. Bg3 Qd4 51. Rd2 Qe3 52. Rf2 1/2-1/2

[Event "34. Abierto Ciudad de Sevilla"]
[Site "Sevilla ESP"]
[Date "2009.01.30"]
[Round "8.2"]
[White "Komljenovic, Davorin"]
[Black "Rivas Pastor, Manuel"]
[Result "0-1"]
[WhiteElo "2418"]
[BlackElo "2514"]
[PlyCount "54"]
[EventDate "2009.01.23"]
[EventType "swiss"]
[EventRounds "9"]
[EventCountry "ESP"]
[Source "lmi"]
[SourceDate "2009.01.23"]

1. d4 e6 2. c4 b6 3. Nf3 Bb7 4. Nc3 Nf6 5. Bg5 Bb4 6. e3 h6 7. Bh4 Bxc3+ 8.
bxc3 d6 9. Be2 g5 10. Bg3 Ne4 11. Qc2 Nd7 12. Bd3 f5 13. d5 Ndc5 14. h4 Qf6 15.
hxg5 hxg5 16. Rxh8+ Qxh8 17. dxe6 Qh1+ 18. Bf1 Nxg3 19. fxg3 Be4 20. Qd2 Nd3+
21. Ke2 O-O-O 22. Nxg5 Rg8 23. Nh3 Rxg3 24. Qxd3 Rxg2+ 25. Bxg2 Qxg2+ 26. Nf2
Bxd3+ 27. Kxd3 Qxf2 0-1

[Event "34. Abierto Ciudad de Sevilla"]
[Site "Sevilla ESP"]
[Date "2009.01.30"]
[Round "8.3"]
[White "Strikovic, Aleksa"]
[Black "Salgado Lopez, Ivan"]
[Result "0-1"]
[WhiteElo "2533"]
[BlackElo "2554"]
[PlyCount "124"]
[EventDate "2009.01.23"]
[EventType "swiss"]
[EventRounds "9"]
[EventCountry "ESP"]
[Source "lmi"]
[SourceDate "2009.01.23"]

1. e4 e6 2. d3 c5 3. f4 d5 4. Qe2 Nc6 5. Nf3 Nge7 6. g3 g6 7. Bg2 Bg7 8. O-O
O-O 9. c3 b5 10. Be3 c4 11. e5 cxd3 12. Qxd3 a5 13. Nbd2 Ba6 14. Rfc1 Nf5 15.
Bf2 f6 16. g4 Nfe7 17. exf6 Rxf6 18. Qe3 Qf8 19. Bg3 d4 20. cxd4 Nd5 21. Qe2 b4
22. Qe1 Nd8 23. Ne5 Ra7 24. Ne4 Rxf4 25. Bxf4 Nxf4 26. Bf1 Bb7 27. Qe3 h5 28.
Rc2 Nd5 29. Qg3 Nf4 30. Rf2 Bxe4 31. Rxf4 Nf7 32. Qh4 g5 33. Rxf7 Rxf7 34. Qxg5
Rf2 35. Re1 Rxh2 36. Kxh2 Qf2+ 37. Kh3 Qxe1 38. Bg2 Bxg2+ 39. Kxg2 Qe4+ 40. Kg3
Qxd4 41. Nf3 Qd6+ 42. Kg2 hxg4 43. Qxg4 Qd5 44. b3 Kf7 45. Kg3 Bf6 46. Qf4 Qf5
47. Qxf5 exf5 48. Nd2 Be5+ 49. Kf3 Ke6 50. Nc4 Bc7 51. a3 a4 52. bxa4 b3 53.
Ke2 Kd5 54. Kd3 f4 55. Nd2 b2 56. Kc2 Be5 57. a5 Kc6 58. a4 Kb7 59. Kd3 Ka6 60.
Ke4 Bd6 61. Kf3 Bb4 62. Nb1 Kxa5 0-1

[Event "34. Abierto Ciudad de Sevilla"]
[Site "Sevilla ESP"]
[Date "2009.01.30"]
[Round "8.4"]
[White "De la Villa Garcia, Jesus Maria"]
[Black "Kurajica, Bojan"]
[Result "0-1"]
[WhiteElo "2469"]
[BlackElo "2552"]
[PlyCount "72"]
[EventDate "2009.01.23"]
[EventType "swiss"]
[EventRounds "9"]
[EventCountry "ESP"]
[Source "lmi"]
[SourceDate "2009.01.23"]

1. e4 c5 2. Nf3 a6 3. Nc3 b5 4. d4 e6 5. d5 Qc7 6. g3 b4 7. Na4 Nf6 8. Qe2 d6
9. c4 exd5 10. cxd5 Be7 11. Bg2 O-O 12. O-O Bd7 13. Qc2 Bb5 14. Re1 Nbd7 15.
Bf4 Nh5 16. Be3 Bf6 17. g4 Qa5 18. Nxc5 Nxc5 19. Bxc5 Rac8 20. gxh5 Rxc5 21.
Qd2 Qc7 22. Rac1 Rc8 23. Rxc5 Qxc5 24. Bh3 Rc7 25. e5 dxe5 26. Nxe5 Qd6 27. Nc6
Kf8 28. Nxb4 Rc4 29. Nc2 Rh4 30. Kg2 Rxh5 31. Ne3 Qf4 32. a3 Rxh3 33. Qb4+ Qxb4
34. axb4 Rh4 35. Rc1 g6 36. Rc8+ Kg7 0-1

[Event "34. Abierto Ciudad de Sevilla"]
[Site "Sevilla ESP"]
[Date "2009.01.30"]
[Round "8.5"]
[White "Matamoros Franco, Carlos"]
[Black "Fernandez Romero, Ernesto"]
[Result "1-0"]
[WhiteElo "2532"]
[BlackElo "2446"]
[PlyCount "87"]
[EventDate "2009.01.23"]
[EventType "swiss"]
[EventRounds "9"]
[EventCountry "ESP"]
[Source "lmi"]
[SourceDate "2009.01.23"]

1. Nf3 d5 2. d4 c6 3. c4 Nf6 4. e3 a6 5. Bd3 g6 6. O-O Bg7 7. Nc3 O-O 8. a4 Bf5
9. Bxf5 gxf5 10. Qb3 Ra7 11. a5 e6 12. Qb6 Qxb6 13. axb6 Ra8 14. c5 Ne4 15. Ne2
Nd7 16. Ra5 h6 17. b4 Kh7 18. Ra2 Rg8 19. Ne1 Nf8 20. f3 Nf6 21. Nd3 Ng6 22.
Bd2 Nd7 23. Ndc1 h5 24. Nb3 Rab8 25. Na5 Rge8 26. f4 Nf6 27. Nc1 Ne4 28. Ncb3
Ne7 29. Rfa1 Bf6 30. Be1 h4 31. Nxb7 Rxb7 32. Rxa6 Rbb8 33. Ra7 h3 34. gxh3 Kg7
35. Kf1 Rh8 36. R1a2 Rxh3 37. Ra8 Rhh8 38. Rxb8 Rxb8 39. Ra6 Kf8 40. Na5 Ke8
41. Ra7 Nc8 42. Nxc6 Nxa7 43. Nxb8 Nb5 44. b7 1-0

[Event "34. Abierto Ciudad de Sevilla"]
[Site "Sevilla ESP"]
[Date "2009.01.30"]
[Round "8.6"]
[White "Ibarra Jerez, Jose Carlos"]
[Black "Recuero Guerra, David"]
[Result "1/2-1/2"]
[WhiteElo "2513"]
[BlackElo "2435"]
[PlyCount "27"]
[EventDate "2009.01.23"]
[EventType "swiss"]
[EventRounds "9"]
[EventCountry "ESP"]
[Source "lmi"]
[SourceDate "2009.01.23"]

1. e4 c5 2. b3 Nc6 3. Bb2 e5 4. Bc4 Nf6 5. d3 Be7 6. Nc3 O-O 7. Nge2 d6 8. O-O
Nh5 9. Nd5 Bg5 10. d4 Bg4 11. h3 Be6 12. dxc5 dxc5 13. a4 Bh6 14. Qd3 1/2-1/2

[Event "34. Abierto Ciudad de Sevilla"]
[Site "Sevilla ESP"]
[Date "2009.01.30"]
[Round "8.10"]
[White "Carrabeo Garcia, Manuel"]
[Black "Pogorelov, Ruslan"]
[Result "0-1"]
[WhiteElo "2163"]
[BlackElo "2451"]
[PlyCount "114"]
[EventDate "2009.01.23"]
[EventType "swiss"]
[EventRounds "9"]
[EventCountry "ESP"]
[Source "lmi"]
[SourceDate "2009.01.23"]

1. d4 Nf6 2. Nf3 e6 3. Bf4 c5 4. e3 cxd4 5. exd4 Be7 6. Nbd2 O-O 7. c3 b6 8.
Bd3 Ba6 9. Bxa6 Nxa6 10. O-O Qc8 11. Qe2 Nc7 12. Ne4 Nxe4 13. Qxe4 Nd5 14. Bd2
b5 15. a3 a5 16. Rfe1 Rb8 17. Ne5 Bd6 18. Rac1 f5 19. Qd3 Bxe5 20. Rxe5 Qc4 21.
Qb1 a4 22. Rce1 Rf6 23. Qd1 h6 24. Qe2 g5 25. Qh5 Kg7 26. Qf3 Rbf8 27. h4 gxh4
28. Qh3 Rg6 29. Qxh4 Rff6 30. f3 Kh7 31. Kf2 Qd3 32. R5e2 f4 33. Bc1 Rf7 34.
Rd2 Qf5 35. Rde2 Rfg7 36. Kg1 Rg5 37. Kf1 Rh5 38. g4 fxg3 39. Qe4 Kg8 40. Qxf5
Rxf5 41. Kg2 Rh5 42. Rh1 Rxh1 43. Kxh1 g2+ 44. Kg1 Rg6 45. Re4 Kg7 46. Rg4 d6
47. Kxg2 h5 48. Rg5 Rxg5+ 49. Bxg5 Kg6 50. Bd2 Kf5 51. Kg3 e5 52. Kh4 Nf4 53.
Kg3 Nd3 54. c4 bxc4 55. Bc3 d5 56. dxe5 Nxe5 57. f4 Nd3 0-1

[Event "34. Abierto Ciudad de Sevilla"]
[Site "Sevilla ESP"]
[Date "2009.01.30"]
[Round "8.11"]
[White "Hernandez Muñoz, Antonio Ramon"]
[Black "Teran Alvarez, Ismael"]
[Result "0-1"]
[WhiteElo "2124"]
[BlackElo "2436"]
[PlyCount "56"]
[EventDate "2009.01.23"]
[EventType "swiss"]
[EventRounds "9"]
[EventCountry "ESP"]
[Source "lmi"]
[SourceDate "2009.01.23"]

1. e4 c5 2. Nf3 e6 3. b3 Nf6 4. e5 Nd5 5. Bb2 Be7 6. a4 O-O 7. Na3 f6 8. Be2
Nf4 9. O-O fxe5 10. Nxe5 Bf6 11. d4 d6 12. Nf3 cxd4 13. Bxd4 Bxd4 14. Nxd4 e5
15. Ndb5 a6 16. Nc3 d5 17. g3 Nxe2+ 18. Qxe2 Nc6 19. Qd3 Be6 20. Rad1 Qe7 21.
Nab1 Rad8 22. Ne2 Bh3 23. Rfe1 e4 24. Qd2 d4 25. Nf4 Bg4 26. Rc1 Ne5 27. Kh1
Nf3 28. Qe2 Rxf4 0-1

[Event "34. Abierto Ciudad de Sevilla"]
[Site "Sevilla ESP"]
[Date "2009.01.30"]
[Round "8.12"]
[White "Hoffman, Alejandro"]
[Black "Prados Montaño, Antonio"]
[Result "1-0"]
[WhiteElo "2425"]
[BlackElo "2210"]
[PlyCount "129"]
[EventDate "2009.01.23"]
[EventType "swiss"]
[EventRounds "9"]
[EventCountry "ESP"]
[Source "lmi"]
[SourceDate "2009.01.23"]

1. g3 d5 2. Bg2 c6 3. Nf3 Bg4 4. b3 Bxf3 5. Bxf3 e5 6. Bb2 Bd6 7. c4 Nf6 8. d3
Qe7 9. Bg2 O-O 10. O-O Na6 11. cxd5 cxd5 12. Nc3 Nc7 13. Rc1 Rfd8 14. Qc2 Rab8
15. Qb1 d4 16. Ne4 Nxe4 17. Bxe4 Bb4 18. a3 Bc3 19. Bxc3 dxc3 20. Rxc3 Nb5 21.
Rcc1 Qxa3 22. e3 Rdc8 23. Rxc8+ Rxc8 24. Bxb7 Rc7 25. Bf3 Nc3 26. Qa1 Qxb3 27.
Qa5 Nb5 28. Bc6 Qc3 29. Qxb5 Rxc6 30. d4 exd4 31. exd4 a6 32. Qd5 g6 33. Rb1
Re6 34. Kg2 Qd3 35. Rb3 Qc2 36. Rf3 Qc6 37. Qxc6 Rxc6 38. Ra3 Rc4 39. d5 Rd4
40. Ra5 Kf8 41. Kf3 Ke7 42. Ke3 Rd1 43. g4 Kd6 44. Ke4 Re1+ 45. Kf4 h6 46. h4
Rh1 47. h5 Rf1 48. hxg6 fxg6 49. Rxa6+ Kxd5 50. Rxg6 Rxf2+ 51. Kg3 Rf8 52. Rxh6
Ke5 53. Kh4 Kf4 54. g5 Kf5 55. Kh5 Ra8 56. Rf6+ Ke5 57. Kh6 Rb8 58. Kg7 Ra8 59.
g6 Ra7+ 60. Rf7 Ra6 61. Kh7 Ke6 62. Rf1 Ra2 63. Rh1 Kf6 64. g7 Ra7 65. Kh8 1-0

[Event "34. Abierto Ciudad de Sevilla"]
[Site "Sevilla ESP"]
[Date "2009.01.30"]
[Round "8.15"]
[White "Ortega Valle, Jose Ramon"]
[Black "Alonso Garcia, Rene"]
[Result "0-1"]
[WhiteElo "2004"]
[BlackElo "2368"]
[PlyCount "88"]
[EventDate "2009.01.23"]
[EventType "swiss"]
[EventRounds "9"]
[EventCountry "ESP"]
[Source "lmi"]
[SourceDate "2009.01.23"]

1. e4 e6 2. d4 d5 3. Nc3 Nf6 4. Bg5 dxe4 5. Nxe4 Be7 6. Bxf6 gxf6 7. Nf3 b6 8.
Bb5+ c6 9. Bd3 Bb7 10. O-O Nd7 11. Qe2 Qc7 12. a4 a5 13. c3 Nf8 14. Rfe1 Ng6
15. g3 Rg8 16. Kf1 Kf8 17. Qe3 Kg7 18. h4 h6 19. Ned2 Bf8 20. Ke2 Rd8 21. Rg1
Ne7 22. c4 c5 23. dxc5 Qxc5 24. Qxc5 bxc5 25. Ne4 Nc6 26. Rad1 Be7 27. Bb1 f5
28. Nc3 Kf6 29. Rxd8 Rxd8 30. Nb5 e5 31. g4 e4 32. Nd2 Nd4+ 33. Ke1 Rg8 34. Kf1
Ke5 35. Nxd4 cxd4 36. gxf5 Rxg1+ 37. Kxg1 Bb4 38. Nb3 Ba6 39. c5 Bb7 40. Kf1 d3
41. f3 Bd5 42. c6 Bxb3 43. c7 d2 44. c8=Q d1=Q+ 0-1

[Event "34. Abierto Ciudad de Sevilla"]
[Site "Sevilla ESP"]
[Date "2009.01.30"]
[Round "8.16"]
[White "Peña Dieguez, Manuel"]
[Black "Robles Garcia, Claudia"]
[Result "0-1"]
[WhiteElo "2071"]
[BlackElo "2258"]
[PlyCount "54"]
[EventDate "2009.01.23"]
[EventType "swiss"]
[EventRounds "9"]
[EventCountry "ESP"]
[Source "lmi"]
[SourceDate "2009.01.23"]

1. e4 d6 2. Nc3 g6 3. f4 Bg7 4. Nf3 c5 5. d4 cxd4 6. Nxd4 Nd7 7. Nb3 Ngf6 8.
Bd3 O-O 9. O-O b6 10. Qe2 Nc5 11. Bd2 Nxd3 12. cxd3 Ba6 13. Rae1 Rc8 14. Rf3
Nd7 15. Qd1 Nc5 16. Nc1 Qd7 17. Be3 Qb7 18. f5 b5 19. Rf2 Kh8 20. Nd5 gxf5 21.
Qh5 Rg8 22. Rf3 Bxb2 23. Rh3 Rg7 24. Bh6 Rcg8 25. Bxg7+ Rxg7 26. exf5 Qxd5 27.
Rf3 Bf6 0-1